000 00906nam a2200265 a 4500
008 951213s1984||||[C 0 slo c
020 _c18 Kčs.
_q(3500 výtl.)
040 _aSNK
_bslo
_cSNK
_eAACR2
041 1 _aslo
_hbul
044 _axo
_cSK
080 _a886.7-3
100 1 _aMinkov, Svetoslav
_4aut
245 1 0 _aDáma s röntgenovými očami
_cSvetoslav Minkov ; Ľubica Bernkopfová, Ľubica Bernkopfová, Ľubica Bernkopfová, Pavol Blažo, Ľubica Bernkopfová
250 _a1., vyd.
260 _aBratislava
_bTatran
_c1984
_eBanská Bystrica
_fTlačiarne SNP
300 _a200 s., 9,40 AH
_c20 cm
490 0 _aSvetová tvorba
_vZv. 164.
500 _aIlustr. na front.
700 1 _aBernkopfová, Ľubica
_4com
700 1 _aBernkopfová, Ľubica
_4trl
700 1 _aBernkopfová, Ľubica
_4[ADC]
700 1 _aBlažo, Pavol
_4bkd
700 1 _aBernkopfová, Ľubica
_4oth
958 _aA
999 _c12340
_d12340